Statistics for Tallest Buildings in Indianapolis, IN

Click here to take the quiz!

General Stats

  • This quiz has been taken 8 times
  • The average score is 2 of 13

Answer Stats

HeightBuilding% Correct
811 ftSalesforce Tower
80%
533 ftOneAmerica Tower
60%
372 ftCity-County Building
40%
421 ftMarket Tower
20%
504 ftRegions Tower
20%
360 ft101 West Ohio
0%
408 ft300 North Meridian
0%
321 ftAT&T Building
0%
401 ftBMO Plaza
0%
311 ftCapitol Center South Building
0%
302 ftHilton Indianapolis
0%
348 ftIndianapolis International Airport Air Traffic Control Tower
0%
376 ftJW Marriott Indianapolis
0%

Score Distribution

Percentile by Number Answered

Percent of People with Each Score

Your Score History

You have not taken this quiz